000 00447nam a2200169Ia 4500
003 GCL
008 140319s9999 xx 000 0 eng d
040 _aGCL /
_cGCL
082 0 4 _a152.4
_bE N
100 1 _aEKMAN, PAUL
245 1 0 _aTHE NATURE OF EMOTION: FUNDAMENTAL QUESTIONS /
_cEKMAN, PAUL
700 1 _aDAVIDSON, RICHARD J.
260 _a[S.N] :
_bOXFORD UNIVERSITY PRESS
650 0 4 _aPHILOSOPHY
650 0 4 _aEMOTIONS
942 _2ddc
_cBK
999 _c10316
_d10316